Apuntes éticos con algunas manchas de utopía

Wedi'i Gadw mewn:
Manylion Llyfryddiaeth
Prif Awdur: Ramírez Briceño, Edgar Roy
Fformat: Anhysbys
Iaith:Spanish
Cyhoeddwyd: San José, Costa Rica Antanaclasis, Editores, S. A. 2019
Pynciau:
Tagiau: Ychwanegu Tag
Dim Tagiau, Byddwch y cyntaf i dagio'r cofnod hwn!

MARC

LEADER 00000 a2200000 4500
008 191010b ||||| |||| 00| 0 spa d
999 |c 30803  |d 30803 
020 |a 978-9930-9596-6-4 
040 |a cru BVZT 
090 |a 100 R-6ap 
100 |a Ramírez Briceño, Edgar Roy 
245 |a Apuntes éticos con algunas manchas de utopía  |c Edgar Roy Ramírez Briceño 
260 |a San José, Costa Rica  |b Antanaclasis, Editores, S. A.  |c 2019 
300 |a 109 páginas 
650 |a FILOSOFÍA  |9 5 
650 |a PROSA POÉTICA 
650 |a ÉTICA  |9 104 
650 |a UTOPÍA 
650 |a LAS VÍCTIMAS 
650 |a LA RELIGIÓN 
650 |a LA POLÍTICA 
650 |a LA FAMILIA 
650 |a LA MUERTE 
942 |c 15 D  |h 100 R-6ap  |2 z